| 000 | 01292nam a2200301 i 4500 | ||
|---|---|---|---|
| 001 | bg | ||
| 245 | 0 | 0 |
_aRolnictwo i wieś europejska : _bod korzeni ku wspólnej przyszłości w XXI wieku / _cred. nauk. Zbigniew T. Wierzbicki i Andrzej Kaleta ; Uniwersytet Mikołaja Kopernika, Instytut Rozwoju Wsi i Rolnictwa Polskiej Akademii Nauk. |
| 260 |
_aToruń ; _aWarszawa : _bWydaw. UMK, _c1998. |
||
| 300 |
_a346 s. : _bmapy, wykr. ; _c24 cm. |
||
| 500 | _aMateriały z konferencji w Toruniu w dn. 17-20 września 1996 r. - Tekst częśc. tł. z ang., fr., niem. | ||
| 504 | _aBibliogr. przy ref. | ||
| 650 | 9 |
_aIntegracja europejska _xrolnictwo |
|
| 650 | 9 |
_aRolnictwo _xhistoria _zEuropa |
|
| 650 | 9 |
_aRolnictwo _xpolityka _zEuropa _yod 1989 r. |
|
| 650 | 9 |
_aWieś _xsocjologia _zEuropa _yod 1989 r. |
|
| 655 | _aMateriały konferencyjne | ||
| 700 | 1 |
_aWIERZBICKI, Zbigniew Tadeusz _d(1919- ). _eRed. |
|
| 700 | 1 |
_aKALETA, Andrzej _d(1952- ). _eRed. |
|
| 710 | 0 | _aUniwersytet Mikołaja Kopernika (Toruń) | |
| 710 | 0 |
_aPolska Akademia Nauk _bInstytut Rozwoju Wsi i Rolnictwa |
|
| 020 | _a8323110050 | ||
| 040 | _cBPK | ||
| 041 | 0 |
_apl _hen |
|
| 080 | _a338.43:316.334.55:339.92](4)"1989/..."(061) | ||
| 920 | _a83-231-1005-0 | ||
| 942 | _cKS | ||
| 008 | s pl f |000 0 pol | ||
| 999 |
_c37657 _d37657 |
||
| 856 |
_uhttp://koha.tu.koszalin.pl/cgi-bin/koha/opac-detail.pl?biblionumber=37657 _yKatalog online BPK |
||